Pleito entre el fiscal electo de Puebla de los Ángeles y el fiscal electo de la audiencia metropolitana de México por la validez de la jurisdicción del Obispado de Puebla de los Ángeles

Detalles Bibliográficos
Formato: Libro
Publicado: Puebla de los Ángeles, 1640-1646
Materias:
Colección:Banco de datos
Acervo:Biblioteca Palafoxiana. Colección de Manuscritos
Descripción Física:4 f. ; 30 x 20 cm.
Tema general:Civil
LEADER 00509nam a22001330004500
035 |a 367 
245 1 0 |a Pleito entre el fiscal electo de Puebla de los Ángeles y el fiscal electo de la audiencia metropolitana de México por la validez de la jurisdicción del Obispado de Puebla de los Ángeles 
260 |a Puebla de los Ángeles, 1640-1646 
300 |a 4 f. ; 30 x 20 cm. 
650 1 0 |a Civil 
949 |a 19344/044 
942 |c PALAMANU 
943 |g Biblioteca Palafoxiana. Colección de Manuscritos 
999 |c 1068312  |d 1068312